[Event "Sochi Archibald op 1st"]
[Site "Sochi"]
[Date "2019.05.12"]
[Round "1"]
[White "Kazimov, Farhan"]
[Black "Raja, Harshit"]
[Result "0-1"]
[WhiteElo "2146"]
[BlackElo "2446"]
[PlyCount "106"]
[EventDate "2019.05.12"]
[EventType "swiss"]
[EventRounds "9"]
[EventCountry "RUS"]
[SourceTitle "CBM 190 Extra"]
[Source "ChessBase"]
[SourceDate "2019.07.15"]
[SourceVersion "1"]
[SourceVersionDate "2019.07.15"]
[SourceQuality "1"]

1. e4 c5 2. Nf3 d6 3. d4 cxd4 4. Nxd4 Nf6 5. Nc3 a6 6. Be3 Ng4 7. Bc1 Nf6 8. Be3 e5 9. Nb3 Be6 10. Be2 Be7 11. Qd2 0-0 12. 0-0-0 b5 13. a3 Nbd7 14. g4 Nxg4 15. Bxg4 Bxg4 16. Rde1 Nf6 17. Rhg1 Kh8 18. Rg3 Rc8 19. f3 Be6 20. Reg1 Rg8 21. Rd1 Qc7 22. Kb1 d5 23. exd5 Nxd5 24. Nxd5 Bxd5 25. Qxd5 Rgd8 26. Qxf7 Rxd1+ 27. Ka2 Bf6 28. Qxc7 Rxc7 29. c3 Re1 30. f4 h6 31. fxe5 Bxe5 32. Rf3 Re2 33. Nd4 Rxh2 34. Kb3 Bxd4 35. Bxd4 Rg2 36. Re3 Kh7 37. Re6 Rg6 38. Re5 Rgc6 39. a4 bxa4+ 40. Kxa4 g5 41. b4 g4 42. Ka5 Kg6 43. Re8 Rf7 44. Rg8+ Kh5 45. Bc5 Rf5 46. c4 Rcxc5+ 47. bxc5 Rxc5+ 48. Kb4 Rg5 49. Rxg5+ hxg5 50. c5 g3 51. c6 g2 52. c7 g1Q 53. c8Q Qg4+ 0-1

[Event "World School-ch U17"]
[Site "Iasi"]
[Date "2017.04.30"]
[Round "9"]
[White "Ozen, Batuhan"]
[Black "Kazimov, Farhan"]
[Result "1/2-1/2"]
[WhiteElo "2110"]
[BlackElo "2003"]
[PlyCount "107"]
[EventDate "2017.04.23"]
[EventType "swiss"]
[EventRounds "9"]
[EventCountry "ROU"]
[SourceTitle "CBM 178 Extra"]
[Source "ChessBase"]
[SourceDate "2017.06.22"]
[SourceVersion "1"]
[SourceVersionDate "2017.06.22"]
[SourceQuality "1"]

1. g3 e5 2. Bg2 d5 3. d3 Nf6 4. a3 Bc5 5. Nf3 Nc6 6. b4 Bb6 7. Bb2 0-0 8. e3 d4 9. e4 Qd6 10. 0-0 a5 11. b5 Ne7 12. a4 Bc5 13. Nbd2 Ng6 14. Nc4 Qe7 15. c3 Bg4 16. cxd4 Bxd4 17. Bxd4 exd4 18. Qc2 Bxf3 19. Bxf3 Ne5 20. Nxe5 Qxe5 21. Rfc1 Rac8 22. Qd2 b6 23. Rc6 Rcd8 24. Rac1 Nd7 25. Be2 Nc5 26. f4 Qe7 27. Qc2 g6 28. Bf3 f6 29. Re1 Rd6 30. e5 Rxc6 31. Bxc6 Qe6 32. Bf3 f5 33. h3 h5 34. Rc1 Rd8 35. Qd1 Rd7 36. Rc4 Kf8 37. Kg2 Kg7 38. Kf2 Kf8 39. Qd2 Kg8 40. Ke2 Kf8 41. Qb2 Ke7 42. Qa1 Nb3 43. Qa3+ Nc5 44. Qb2 Rd8 45. Bc6 Qf7 46. Qc1 Qe6 47. Qc2 Kf8 48. Bf3 Rd7 49. Kf2 Kg7 50. Ke2 Kf8 51. Qd1 Ke7 52. Qg1 Qf7 53. Qf2 Kf8 54. e6 1/2-1/2

[Event "World School-ch U17 12th"]
[Site "Sochi"]
[Date "2016.12.11"]
[Round "9"]
[White "Kazimov, Farhan"]
[Black "Vasiesiu, Victor"]
[Result "1-0"]
[WhiteElo "1907"]
[BlackElo "2254"]
[PlyCount "93"]
[EventDate "2016.12.03"]
[EventType "swiss"]
[EventRounds "9"]
[EventCountry "RUS"]
[SourceTitle "CBM 176 Extra"]
[Source "ChessBase"]
[SourceDate "2017.03.02"]
[SourceVersion "1"]
[SourceVersionDate "2017.03.02"]
[SourceQuality "1"]

1. e4 c5 2. c4 Nc6 3. Nc3 g6 4. Nge2 Bg7 5. g3 d6 6. Bg2 e6 7. d3 Nge7 8. 0-0 0-0 9. Be3 Nd4 10. a3 Nec6 11. Rb1 a5 12. Bxd4 cxd4 13. Nb5 a4 14. Qc2 Ra5 15. f4 f5 16. exf5 gxf5 17. Kh1 e5 18. Qd2 Ra6 19. Rbc1 Na5 20. Qb4 Nb3 21. Rce1 Nc5 22. Nc1 e4 23. dxe4 fxe4 24. Bxe4 Nxe4 25. Rxe4 Bf5 26. Rxd4 Bxd4 27. Nxd4 Be4+ 28. Kg1 Rb6 29. Qc3 d5 30. c5 Rbf6 31. Nd3 Qe7 32. Nf2 Qg7 33. Nxe4 dxe4 34. f5 Qf7 35. Rf4 Qh5 36. Rxe4 Rh6 37. h4 Qd1+ 38. Kg2 Rd8 39. Qc4+ Kh8 40. Qf7 Qh5 41. Qe7 Ra8 42. Qe5+ Kg8 43. Ne6 Rxe6 44. Qxe6+ Kf8 45. Qe7+ Kg8 46. f6 Qg6 47. f7+ 1-0

[Event "World School-ch U17 12th"]
[Site "Sochi"]
[Date "2016.12.04"]
[Round "2"]
[White "Kazimov, Farhan"]
[Black "Shkurkin, Andrey"]
[Result "1-0"]
[WhiteElo "1907"]
[BlackElo "2103"]
[PlyCount "89"]
[EventDate "2016.12.03"]
[EventType "swiss"]
[EventRounds "9"]
[EventCountry "RUS"]
[SourceTitle "CBM 176 Extra"]
[Source "ChessBase"]
[SourceDate "2017.03.02"]
[SourceVersion "1"]
[SourceVersionDate "2017.03.02"]
[SourceQuality "1"]

1. e4 c5 2. c4 e5 3. Nc3 Nc6 4. g3 d6 5. Bg2 g6 6. d3 Bg7 7. Nge2 Nge7 8. 0-0 0-0 9. a3 a5 10. Be3 Be6 11. Qd2 f5 12. f3 Nd4 13. Bxd4 cxd4 14. Nb5 Qd7 15. a4 Nc6 16. Nc1 f4 17. Na2 fxg3 18. hxg3 Rf6 19. b4 Raf8 20. bxa5 Bh3 21. Rab1 Bxg2 22. Kxg2 Qf7 23. Qe2 g5 24. Na3 Nxa5 25. Nb4 h5 26. Nd5 Rh6 27. Qd2 Nc6 28. Qxg5 h4 29. g4 h3+ 30. Kh2 Rg6 31. Qf5 Qe8 32. Nc7 Qf7 33. Qxf7+ Rxf7 34. Nd5 Bh6 35. Kxh3 Rh7 36. Kg2 Be3 37. Rh1 Rf7 38. Nb5 Kf8 39. Nbc7 Ne7 40. Rxb7 Nxd5 41. cxd5 Kg8 42. a5 Rf8 43. a6 Rg7 44. a7 Ra8 45. Rb8+ 1-0